| 000 | 01992nam a22003257a 4500 | ||
|---|---|---|---|
| 003 | OSt | ||
| 005 | 20210406142910.0 | ||
| 008 | 210406s1958 mx ||||gr|||| 00| 0 spa d | ||
| 020 | _a9789681602109 | ||
| 040 |
_aCO-JMCR _cCO-JMCR |
||
| 041 | 1 |
_aspa _heng |
|
| 082 | 0 | 4 |
_a330.153 / _bS642i _223 |
| 100 | 1 |
_aSmith, Adam, _eautor _91565 |
|
| 245 | 1 | 0 |
_aInvestigación sobre la naturaleza y causas de la riqueza de las naciones / _cAdam Smith ; edición de Edwin Cannan ; introducción de Max Lerner ; traducción de Gabriel Franco |
| 250 | _aSegunda edición | ||
| 260 |
_aMéxico : _bFondo de cultura económica, _c1958 |
||
| 300 |
_alxxvi, 917 páginas ; _c24 cm. |
||
| 490 | 0 | _aEconomía | |
| 500 | _aIncluye índice analítico y bibliográfico y notas a pie de página. | ||
| 500 | _aTítulo original: The Wealth of Nations | ||
| 505 | 0 | _aDe las causas del progreso en las facultades productivas del trabajo y del modo como un producto se distribuye naturalmente entre las diferentes clases de pueblo -- Sobre la naturaleza, acumulación y empleo del capital -- De los diferentes progresos de la opulencia en distintas naciones -- De los sistemas de economía política -- De los ingresos del Soberano o de la República | |
| 520 | 3 | _aDe los años transcurridos desde que apareció por primera vez investigación sobre la naturaleza y causas de la riqueza de las naciones (1776), sus argumentos no han perdido del todo su valor al ser aplicados a muchos de los problemas actuales. Su autor nació en el umbral de una nueva época y su texto es la expresión de las fuerzas que entonces actuaban para moderar una nueva y terrible especie: el homo oeconomicus, el hombre económico del mundo moderno. | |
| 546 | _aTraducido del inglés. | ||
| 650 | 1 | 4 |
_aRiqueza _xTeoría _936627 |
| 650 | 1 | 4 |
_aCapitalismo _936628 |
| 700 | 1 |
_aCannan, Edwin, _eeditor _94963 |
|
| 700 |
_aLerner, Max, _eintroducción _95967 |
||
| 700 |
_aFranco, Gabriel, _etraductor _95968 |
||
| 942 |
_2ddc _cBK |
||
| 999 |
_c15518 _d15518 |
||